Football Olympics roll of honor - Statistics

Statistiche generali
  • Questo quiz è stato fatto 19 volte
  • Il punteggio medio è 20 su 28
Statistiche sulle risposte
Hint Risposta % Corretto
2004 (1🏆) Argentina
94%
2008 (2🏆) Argentina
94%
1984 (1🏆) Francia
94%
1936 (1🏆) Italia
94%
1992 (1🏆) Spagna
94%
2024 (2🏆) Spagna
94%
1924 (1🏆) Uruguay
94%
1928 (2🏆) Uruguay
94%
2016 (1🏆) Brasile
89%
2020 (1🏆) Brasile
89%
1976 (1🏆) Germania Est
89%
1908 (1🏆) Regno Unito
89%
1912 (2🏆) Regno Unito
89%
1920 (1🏆) Belgio
72%
2012 (1🏆) Messico
72%
1952 (1🏆) Ungheria
67%
1964 (2🏆) Ungheria
67%
1968 (3🏆) Ungheria
67%
1980 (1🏆) Cecoslovacchia
61%
1996 (1🏆) Nigeria
61%
1972 (1🏆) Polonia
61%
1960 (1🏆) Jugoslavia
56%
1948 (1🏆) Svezia
56%
2000 (1🏆) Camerun
39%
1956 (1🏆) Unione Sovietica
39%
1988 (2🏆) Unione Sovietica
39%
1904 (1🏆) Galt
6%
1900 (1🏆) Upton Park
6%
Nessun quiz corrispondente trovato
Distribuzione punteggi
Percentuale di utenti per punteggio
Percentile per numero di risposta
I tuoi punteggi nel tempo
Non hai fatto questo quiz